The Great War (Record no. 66400)
[ view plain ]
| 000 -LEADER | |
|---|---|
| fixed length control field | 01726nam a2200277Ii 4500 |
| 008 - FIXED-LENGTH DATA ELEMENTS--GENERAL INFORMATION | |
| fixed length control field | 221202s xx 000 0 und d |
| 245 #4 - TITLE STATEMENT | |
| Title | The Great War |
| 246 ## - VARYING FORM OF TITLE | |
| Title proper/short title | Insights and Perspectives |
| 264 #1 - PRODUCTION, PUBLICATION, DISTRIBUTION, MANUFACTURE, AND COPYRIGHT NOTICE | |
| Place of production, publication, distribution, manufacture | Bern |
| Name of producer, publisher, distributor, manufacturer | Peter Lang International Academic Publishers |
| Date of production, publication, distribution, manufacture, or copyright notice | 2016 |
| 300 ## - PHYSICAL DESCRIPTION | |
| Extent | 1 online resource (285 pages) |
| 336 ## - CONTENT TYPE | |
| Content type term | text |
| Content type code | txt |
| Source | rdacontent |
| 337 ## - MEDIA TYPE | |
| Media type term | computer |
| Media type code | c |
| Source | rdamedia |
| 338 ## - CARRIER TYPE | |
| Carrier type term | online resource |
| Carrier type code | cr |
| Source | rdacarrier |
| 490 ## - SERIES STATEMENT | |
| Series statement | Geschichte : Erinnerung : Politik. Studies in History, Memory and Politics |
| Volume/sequential designation | 13 |
| 520 ## - SUMMARY, ETC. | |
| Summary, etc. | This publication is a collection of articles which summarise results of investigations into archival materials concerning wartime stories of various nations involved in the Great War. The objective of the authors was to analyse the wartime experience of individuals and local communities as well as whole nations. They further tried to present a closer, more personal overview of wartime drama. As a result the book portrays the impact of the Great War on the lives of multicultural communities, re-constructs individual war narratives and studies consequences of the conflict. The use of various types of historical materials from state archives and from other sources enabled the authors to create a multifaceted portrayal of the war seen from local and international perspectives. |
| 653 ## - INDEX TERM--UNCONTROLLED | |
| Uncontrolled term | Archival Materials |
| 653 ## - INDEX TERM--UNCONTROLLED | |
| Uncontrolled term | Dzikowska |
| 653 ## - INDEX TERM--UNCONTROLLED | |
| Uncontrolled term | Eastern Front |
| 653 ## - INDEX TERM--UNCONTROLLED | |
| Uncontrolled term | Great |
| 653 ## - INDEX TERM--UNCONTROLLED | |
| Uncontrolled term | Insights |
| 700 1# - ADDED ENTRY--PERSONAL NAME | |
| Personal name | Dzikowska, Elzbieta Katarzyna |
| 700 1# - ADDED ENTRY--PERSONAL NAME | |
| Personal name | Handley, Agata |
| 700 1# - ADDED ENTRY--PERSONAL NAME | |
| Personal name | Zawilski, Piotr |
| 856 ## - ELECTRONIC LOCATION AND ACCESS | |
| Uniform Resource Identifier | <a href="https://library.oapen.org/bitstream/20.500.12657/49568/1/9783653055870.pdfhttps://library.oapen.org/handle/20.500.12657/49568">https://library.oapen.org/bitstream/20.500.12657/49568/1/9783653055870.pdfhttps://library.oapen.org/handle/20.500.12657/49568</a> |
| 942 ## - ADDED ENTRY ELEMENTS (KOHA) | |
| Koha item type | E-Book |
| Withdrawn status | Damaged status | Not for loan | Home library | Current library | Date acquired | Total Checkouts | Date last seen | Price effective from | Koha item type |
|---|---|---|---|---|---|---|---|---|---|
| Directory of Open Access Books | Directory of Open Access Books | 11/28/2022 | 11/28/2022 | 11/28/2022 | E-Book |